Hercules Movie Trivia (Fixed) - Statistics

General Stats
  • This quiz has been taken 51 times
  • The average score is 5 of 15
Answer Stats
Hint Answer % Correct
Number of Muses 9
75%
Our hero's Greek name Heracles
73%
Our hero's Roman name Hercules
61%
Who hated our hero in the myths Hera
59%
How do you kill a Hydra Fire
34%
What did our hero actually have to do 12 Labors
25%
Who trained our hero Chiron the Centaur
23%
When does our hero become a god After he dies
20%
What was the first beast he was tasked to kill Nemean Lion
20%
What did our hero go to get from the Underworld while he was alive Cerberus
18%
Where was Megara from Thebes
14%
Who are Hades' main servants or enforcers The Erinyes
14%
His mother Alcmene
11%
Who is Pegasus in mythology God of Horses
7%
...and who assigned them Eurystheus
2%
No matching quizzes found
Score Distribution
Percent of People with Each Score
Percentile by Number Answered
Your Score History
You have not taken this quiz